[Event "3rd Sharjah Masters 2019"]
[Site "Sharjah"]
[Date "2019.03.26"]
[Round "5.25"]
[White "Megaranto, Susanto"]
[Black "Sundararajan, Kidambi"]
[Result "1/2-1/2"]
[WhiteElo "2526"]
[BlackElo "2413"]
[Annotator "TA"]
[PlyCount "92"]
[EventDate "2019.03.22"]
[EventType "swiss"]
[EventCountry "UAE"]
[SourceTitle "playchess.com"]
[Source "ChessBase"]
[SourceQuality "1"]

{[%evp 14,92,11,5,-2,-41,0,0,0,-17,-15,-14,-9,0,0,-19,-25,-29,-29,-45,-18,-27,-20,-43,-18,-33,-13,-32,-20,-29,-20,-25,-20,-37,-23,-13,39,18,41,45,37,0,118,134,201,195,263,41,41,39,66,24,22,0,153,0,0,0,0,-458,-415,-802,-798,-566,0,0,0,0,0,0,0,0,0,0,0,0,0,0,0,0,0]} 1. d4 Nf6 2. Nf3 d6 3. Bg5 Nbd7 4. e3 h6 5. Bh4 g5 6. Bg3 Bg7 7. Nbd2 Nh5 8. Bd3 e6 {A46: 1 d4 Nf6 2 Nf3 e6: Torre, London and Colle Systems} 9. Ng1 (9. c3 f5 10. Qb3 Qe7 11. O-O-O O-O 12. Rde1 c5 13. h3 Nxg3 14. fxg3 d5 15. Qa3 e5 16. dxe5 Nxe5 17. Nxe5 Bxe5 18. g4 fxg4 19. hxg4 Kg7 20. Rxh6 {1-0 (20) Artemiev,V (2696)-Morozevich,A (2665) Sochi 2017}) 9... Ndf6 10. c3 Qe7 11. Ne2 Nxg3 $146 ({Predecessor:} 11... Bd7 12. Qc2 O-O-O 13. O-O-O {½-½ (43) Lomako,P (2406)-Zhigalko,A (2538) Minsk 2007}) 12. Nxg3 h5 13. h4 g4 14. Qb3 a6 15. a4 b6 16. a5 b5 17. c4 bxc4 18. Bxc4 d5 19. Be2 c5 20. dxc5 Qxc5 21. O-O $1 O-O 22. Rfc1 Qd6 23. Qd3 Rd8 24. Nb3 Bd7 (24... Qe7 $11) 25. Nc5 $14 {Threatening Nb7.} Bb5 26. Qd2 Rab8 27. b4 Qe5 (27... Bxe2 $11 28. Qxe2 Rxb4) 28. Bxb5 $16 ({But not} 28. Nxa6 $6 Ne4 $11) 28... Rxb5 (28... axb5 $16 29. a6 Ra8) 29. Nxa6 $18 Ne4 (29... Qd6 {keeps fighting.}) 30. Qd3 $2 (30. Nxe4 $18 Qxe4 31. Qe2 Bxa1 32. Qxb5) 30... Nxg3 $14 31. Qxb5 {aiming for Ra2.} Nf5 32. Nc5 {Threatens to win with Qb6.} g3 {( -> ...gxf2+)} 33. Qe2 {Re1 is the strong threat.} d4 $2 {[#]} ({Black should try} 33... Qf6 $1 $11) 34. e4 $2 (34. f4 $1 $16 {[%cal Rf4e5]} Qf6 35. Qxh5 Nxe3 36. Nd3) 34... gxf2+ $11 35. Qxf2 Bh6 $1 {[%cal Rh6e3]} 36. Re1 $2 {[%mdl 8192]} (36. Nd3 $1 $11 {and White is okay.} Qxe4 37. Qf3 Be3+ 38. Nf2 Qxh4 39. Rc4) 36... Be3 $19 37. Rxe3 (37. exf5 $142 Bxf2+ 38. Kxf2 Qxf5+ 39. Kg1) 37... dxe3 38. Qe1 {[#]} Nxh4 $2 (38... e2 $1 $19 {[%mdl 512] And now ...Qxa1 would win.} 39. Rb1 (39. exf5 Qxa1 {[%mdl 64] Remove Defender, Decoy} 40. Qxa1 Rd1+ {[%mdl 64] Double Attack} 41. Kh2 e1=Q $19) (39. Qxe2 Qxa1+) 39... Ne3) 39. Rd1 $1 $36 {[%cal Rd1d8][%mdl 2048] The position is equal. White fights for an advantage.} Nf3+ 40. gxf3 Rxd1 41. Qxd1 Qg3+ 42. Kh1 Qh3+ 43. Kg1 Qg3+ 44. Kh1 {Black must now prevent Qg1.} Qh3+ 45. Kg1 Qg3+ 46. Kh1 {Hoping for Qg1.} Qh3+ {Accuracy: White = 50%, Black = 61%.} 1/2-1/2

[Event "3rd Sharjah Masters 2019"]
[Site "Sharjah"]
[Date "2019.03.26"]
[Round "5.26"]
[White "Kuybokarov, Temur"]
[Black "Nitin, S.."]
[Result "1-0"]
[WhiteElo "2519"]
[BlackElo "2408"]
[Annotator "TA"]
[PlyCount "113"]
[EventDate "2019.03.22"]
[EventType "swiss"]
[EventCountry "UAE"]
[SourceTitle "playchess.com"]
[Source "ChessBase"]
[SourceQuality "1"]

{[%evp 21,113,29,29,20,70,47,56,49,100,100,89,90,102,89,91,34,98,31,23,23,23,18,133,72,85,54,87,80,75,11,109,116,124,67,83,69,106,53,65,42,108,45,27,62,61,-22,-22,-11,-18,-4,-5,-206,-187,-187,158,158,324,150,151,151,146,146,233,217,211,191,300,293,464,444,361,391,504,408,743,735,911,909,857,864,827,786,29969,29970,5173,6411,29976,29976,29980,29981,29980,29981,29983,29984]} 1. d4 Nf6 2. c4 g6 3. Nc3 Bg7 4. e4 d6 5. Nf3 O-O 6. Be2 e5 7. O-O Nc6 8. d5 Ne7 9. b4 Nh5 10. Re1 a5 11. bxa5 Rxa5 12. a4 {E97: King's Indian: Classical Main Line (6...e5 7 0-0 Nc6): 8 Be3 and 8 d5 Ne7, not 9 Ne1} c5 (12... f5 13. Ng5 Nf4 14. Bf1 h6 15. Nf3 g5 16. Nd2 c5 17. Nb5 Ra6 18. Ra3 Nfg6 19. exf5 Nxf5 {0-1 (49) Werle,J (2541)-Jones,G (2691) Caleta 2019}) 13. Bd2 h6 14. Ra3 {White is slightly better.} Ra6 (14... Nf4 $14) 15. g3 $16 Nf6 $146 ({Predecessor:} 15... f5 16. exf5 gxf5 17. Nxe5 Nxg3 18. hxg3 dxe5 19. Be3 Ng6 20. Bxc5 {1-0 (37) Schenk,A (2473)-Scalcione,M (2366) Pula 2003}) 16. Qc1 Kh7 17. Qc2 Ne8 18. Rb1 (18. Bd3 $16) 18... Kg8 (18... f5 $1 $14) 19. Rb5 (19. Nh4 $16) 19... f5 $1 $14 20. a5 Nf6 21. exf5 gxf5 (21... Nxf5 $11 {remains equal.} 22. Bd3 Ng4) 22. h3 (22. Nh4 $142) 22... Ng6 23. Ne1 Qc7 24. Qb1 Qf7 25. Rb6 ({White should play} 25. Rab3 $16) 25... Nd7 (25... Ne4 $11 26. Nxe4 fxe4) 26. Rxa6 $16 bxa6 27. Ng2 (27. Na4 $16) 27... Nf6 $1 $14 28. Rb3 h5 29. f4 (29. Bg5 $16) 29... Qe7 30. Bd3 Nh7 (30... e4 $14 31. Be2 Nd7) 31. Qd1 (31. Na4 $16) 31... h4 32. Qh5 $36 {[%mdl 2112] Double Attack. White has some pressure.} e4 33. Be2 (33. Bc2 $14) 33... Bd4+ $1 $11 34. Kh1 Qg7 $1 35. gxh4 ({Much weaker is} 35. Nxh4 Nxh4 36. Qxh4 Bf6 $17) 35... Bf2 36. Bf1 $2 {[#]} (36. Nd1 $1 $11 {and White has nothing to worry.} Nxh4 37. Nde3) 36... Nxh4 $1 $19 {[%mdl 512]} 37. Nd1 (37. Nxh4 Qg1#) 37... Nxg2 $2 ({Better is} 37... Nf3 $19 38. Rxf3 exf3 39. Nxf2 fxg2+ 40. Bxg2 Qd4) 38. Nxf2 $16 e3 $2 (38... Nf6 $16 {was worth a try.} 39. Qg5 e3) 39. Bxe3 (39. Bc3 $18 {is the precise move to win.} Nxf4 40. Bxg7 {[%mdl 64] Discovered Attack} Nxh5 41. Bxf8 Nxf8 42. Rxe3) 39... Nf6 40. Qg5 Nxe3 41. Rxe3 Re8 {[#]} (41... Nh7 $16 {might work better.} 42. Qxg7+ Kxg7 43. Re7+ Rf7 44. Rxf7+ Kxf7) 42. Rxe8+ $1 $18 Nxe8 43. Bd3 Nf6 (43... Kf7 $142 44. Qd8 Qg3 45. Qxc8 Qxf2 46. Qxf5+ Ke7 47. Qg5+ Kf8) 44. Nd1 Qxg5 (44... Kf7 $142 45. Nc3 Bd7) 45. fxg5 {[%mdl 4096] Endgame KBN-KBN} Nh5 46. Nf2 Kg7 47. Kg2 Bd7 (47... Nf4+ $142 48. Kg3 Nxd3 49. Nxd3 Bd7) 48. Kf3 Kg6 49. h4 Ba4 50. Nh3 Bd1+ 51. Ke3 Bg4 52. Nf4+ Nxf4 53. Kxf4 {Threatening mate with Bxf5+!} Kh5 54. Bxf5 {White mates.} Be2 55. Be4 Bxc4 56. Kf5 Be2 57. g6 {Accuracy: White = 49%, Black = 33%.} 1-0

[Event "3rd Sharjah Masters 2019"]
[Site "Sharjah"]
[Date "2019.03.26"]
[Round "5.27"]
[White "Assaubayeva, Bibisara"]
[Black "Venkatesh, M.R."]
[Result "0-1"]
[WhiteElo "2376"]
[BlackElo "2517"]
[Annotator "TA"]
[PlyCount "82"]
[EventDate "2019.03.22"]
[EventType "swiss"]
[EventCountry "UAE"]
[SourceTitle "playchess.com"]
[Source "ChessBase"]
[SourceQuality "1"]

{[%evp 9,82,12,35,37,35,3,15,-20,24,15,43,27,67,-21,-17,-32,22,32,55,31,43,32,53,35,83,50,42,-27,-34,-39,-42,-15,-29,-108,-106,-207,-205,-387,-396,-356,-354,-359,-364,-427,-427,-420,-408,-414,-403,-440,-449,-497,-479,-494,-486,-557,-546,-607,-528,-633,-692,-681,-615,-604,-677,-666,-674,-738,-674,-1032,-1056,-1036,-994,-1068,-1068]} 1. d4 Nf6 2. Nf3 b5 3. Na3 (3. e3 a6 4. c4 bxc4 5. Bxc4 e6 6. O-O Bb7 7. Nc3 Be7 8. b3 O-O 9. Bb2 d5 10. Bd3 Nbd7 11. Rc1 c5 12. Na4 Rc8 13. Qe2 a5 {½-½ (33) Giri,A (2782)-Mamedyarov,S (2801) chess.com INT 2018}) 3... a6 4. c4 b4 $146 ({Predecessor:} 4... bxc4 5. Nxc4 e6 6. g3 Bb4+ 7. Bd2 a5 8. Bg2 Bb7 9. O-O Bxd2 10. Qxd2 a4 11. Rac1 O-O 12. Rfe1 d6 13. Qd3 Be4 14. Qa3 {1-0 (47) Levacic,D (2285)-Ruiz,J Cannes 1989}) 5. Nc2 e6 6. a3 {A46: 1 d4 Nf6 2 Nf3 e6: Torre, London and Colle Systems} bxa3 7. bxa3 Bb7 8. g3 {The position is equal.} d6 9. Bg2 Nbd7 10. O-O Be7 11. Nd2 (11. d5 $1 $14) 11... Bxg2 $11 12. Kxg2 Nb6 ({Black should try} 12... c5 $15) 13. e4 Qd7 14. Ne3 O-O 15. a4 a5 16. Bb2 Qc6 17. f3 Rfb8 18. d5 (18. Bc3 $1 $14) 18... Qc5 19. Qe2 Nbxd5 $1 {[%mdl 64] Discovered Attack} ({Don't blunder} 19... exd5 $2 20. Nf5 $18) 20. exd5 {Black must now prevent Rab1.} Rxb2 21. dxe6 (21. Nd1 $1 $11 Rbb8 22. dxe6) 21... fxe6 $17 22. Qd3 (22. Rfb1 $17 Qd4 23. Rxb2 Qxb2 24. Rb1) 22... Rab8 $19 {And now ...R8b3! would win.} 23. Nd1 $2 {[#]} (23. Rfe1 {keeps fighting.}) 23... R8b3 $1 {[%cal Rb3d3][%mdl 512]} 24. Qxb3 Rxb3 25. Nxb3 Qxc4 26. Nd2 Qd4 27. Ra2 d5 28. Nf2 Bb4 29. Rd1 c5 {Black is clearly winning.} 30. Rc2 Qe3 31. Nf1 Qb3 32. Re2 d4 33. Rd3 Qc4 34. Nd2 Qd5 35. Nb3 e5 36. Nc1 c4 37. Rd1 Nd7 38. Ne4 Qc6 39. Ra2 Nf6 40. Nxf6+ gxf6 41. Kf2 Kf7 {Accuracy: White = 28%, Black = 68%.} 0-1

[Event "3rd Sharjah Masters 2019"]
[Site "Sharjah"]
[Date "2019.03.26"]
[Round "5.28"]
[White "Stany, G.A."]
[Black "Saurabh Anand"]
[Result "1/2-1/2"]
[WhiteElo "2507"]
[BlackElo "2385"]
[Annotator "ChessBase"]
[PlyCount "73"]
[EventDate "2019.03.22"]
[EventType "swiss"]
[EventCountry "UAE"]
[SourceTitle "playchess.com"]
[Source "ChessBase"]
[SourceQuality "1"]
[TimeControl "5400+30"]

1. e4 {[%emt 0:00:00]} e5 {[%emt 0:00:00]} 2. Nf3 {[%emt 0:00:00]} Nc6 {[%emt 0:00:00]} 3. Bb5 {[%emt 0:00:00]} a6 {[%emt 0:00:02]} 4. Ba4 {[%emt 0:00:00]} Nf6 {[%emt 0:00:08]} 5. O-O {[%emt 0:00:00]} Be7 {[%emt 0:00:07]} 6. Re1 {[%emt 0:00:00]} b5 {[%emt 0:00:06]} 7. Bb3 {[%emt 0:00:06]} d6 {[%emt 0:00:10]} 8. c3 {[%emt 0:00:06]} O-O {[%emt 0:00:09]} 9. h3 {[%emt 0:00:06]} Na5 {[%emt 0:00:13]} 10. Bc2 {[%emt 0:00:04]} c5 {[%emt 0:00:08]} 11. d4 {[%emt 0:00:05]} Nd7 {[%emt 0:00:09]} 12. Nbd2 {[%emt 0:00:06]} exd4 {[%emt 0:00:10]} 13. cxd4 {[%emt 0:00:04]} Nc6 {[%emt 0:00:11]} 14. d5 {[%emt 0:00:08]} Nce5 {[%emt 0:00:09]} 15. a4 {[%emt 0:00:08]} Bb7 {[%emt 0:00:09]} 16. Nxe5 {[%emt 0:00:20]} Nxe5 {[%emt 0:00:09]} 17. f4 {[%emt 0:00:08]} Ng6 {[%emt 0:00:09]} 18. Nf3 {[%emt 0:00:06]} Re8 {[%emt 0:00:13]} 19. Kh2 {[%emt 0:23:59]} Nh4 {[%emt 0:00:40]} 20. Ng1 {[%emt 0:01:34]} Bf6 {[%emt 0:00:11]} 21. g3 {[%emt 0:04:21]} Ng6 {[%emt 0:00:25]} 22. Rb1 {[%emt 0:00:12]} Bc8 {[%emt 0:07:44]} 23. b3 {[%emt 0:03:20]} Bd7 {[%emt 0:02:22]} 24. Nf3 {[%emt 0:09:35]} Qc7 {[%emt 0:04:36]} 25. Bd2 {[%emt 0:25:04]} Rac8 {[%emt 0:16:33]} 26. Bd3 {[%emt 0:02:44]} c4 {[%emt 0:01:57]} 27. bxc4 {[%emt 0:00:15]} bxc4 {[%emt 0:00:11]} 28. Bc2 {[%emt 0:00:52]} Rb8 {[%emt 0:01:48]} 29. Rxb8 {[%emt 0:10:39]} Qxb8 {[%emt 0:00:44]} 30. Re2 {[%emt 0:08:57]} Qc8 {[%emt 0:03:57]} 31. Bb4 {[%emt 0:00:38]} Qb8 {[%emt 0:02:14]} 32. Qe1 {[%emt 0:00:10]} Qc7 {[%emt 0:17:42]} 33. Re3 {[%emt 0:06:08]} Bb2 {[%emt 0:02:23]} 34. Ba5 {[%emt 0:03:25]} Qc5 {[%emt 0:04:25]} 35. Bb4 {[%emt 0:00:05]} Qc7 {[%emt 0:01:11]} 36. Ba5 {[%emt 0:01:02]} Qc5 {[%emt 0:00:13]} 37. Bb4 {[%emt 0:00:07]} 1/2-1/2

[Event "3rd Sharjah Masters 2019"]
[Site "Sharjah"]
[Date "2019.03.26"]
[Round "5.29"]
[White "Pranav Anand"]
[Black "Sindarov, Javokhir"]
[Result "0-1"]
[WhiteElo "2359"]
[BlackElo "2505"]
[Annotator "TA"]
[PlyCount "116"]
[EventDate "2019.03.22"]
[EventType "swiss"]
[EventCountry "UAE"]
[SourceTitle "playchess.com"]
[Source "ChessBase"]
[SourceQuality "1"]

{[%evp 17,116,34,52,45,45,44,39,16,8,12,12,11,26,14,42,0,33,28,74,-84,-25,-41,-28,-43,-45,-57,-39,-39,-45,-41,-25,-56,-27,-47,-39,-49,-27,-19,-30,-40,-18,-39,-17,-54,0,-52,-22,-69,-80,-92,-92,-88,-89,-76,-81,-72,-27,-12,-47,-98,-96,-147,-132,-208,-134,-185,-183,-205,-194,-201,-203,-265,-282,-275,-279,-268,-267,-261,-252,-352,-330,-393,-390,-366,-358,-450,-453,-435,-429,-1553,-1455,-1425,-1032,-5221,-5206,-29974,-29975,-29977,-29977,-29974,-29973]} 1. e4 d6 2. d4 Nf6 3. Nc3 Nbd7 4. Nf3 e5 5. Bc4 Be7 6. a4 O-O 7. O-O c6 8. h3 Qc7 9. Re1 b6 10. Be3 {C41: Philidor Defence} a6 11. Ba2 Rb8 12. Rb1 {White is slightly better.} b5 13. axb5 axb5 14. b4 Nb6 15. Qd3 {[#]} Bd7 $146 ({Predecessor:} 15... Nfd7 16. Bb3 exd4 17. Bxd4 {½-½ (29) Predke,A (2587)-Zablotsky,S (2518) Sochi 2016}) 16. Nd2 Rbd8 17. Ne2 c5 18. c3 $2 {[#]} (18. bxc5 $16 {and life is bright.} dxc5 19. dxe5 Qxe5 20. Bf4) 18... Ra8 ({Black should try} 18... exd4 $1 $17 19. cxd4 c4) 19. dxc5 dxc5 20. bxc5 Bxc5 21. Bb3 Rfd8 {White must now prevent ...Bxh3!} 22. Bxc5 Qxc5 23. Qc2 Bc6 24. Ng3 Na4 25. Re3 g6 26. Nf3 Rd7 27. Ra1 Rc7 28. Kh2 Be8 29. Qd2 Rd7 30. Qc2 Rc7 31. Qd2 Qe7 $1 32. Ne2 Rd8 33. Qa2 {[#]} Nc5 $1 $36 {[%cal Ba4c5,Bc5d7,Bd7b6][%mdl 2080] Black has strong initiative.} 34. Bc2 Bc6 {[%cal Rc6e4]} 35. Ng3 Ne8 36. c4 b4 37. Qb2 {[%mdl 64] Double Attack} Nd7 38. Nd2 (38. Ne1 $15) 38... Ng7 $17 39. Nb3 (39. Ra5 $142) 39... Ne6 40. Ra5 (40. Nc1 $17) 40... Ra8 41. Qa2 (41. Re1 $17) 41... Rcc8 $19 42. Ne2 Nb6 43. Bd3 Ba4 {Strongly threatening ...Bxb3.} 44. Nec1 Rxa5 45. Nxa5 Ra8 46. Nab3 Bxb3 47. Qxb3 Ra3 48. Qb2 Nd4 49. Na2 b3 50. Nc3 Qb4 51. Re1 Na4 52. Nxa4 Rxa4 (52... Qxe1 53. Qxa3 Qxf2 54. Kh1 $17) (52... Qxa4 $2 53. Qc3 $19) 53. Ra1 (53. Rd1 $142) 53... Rxa1 {[%mdl 64] Overworked Piece} 54. Qxa1 Qd2 {[%mdl 64] Double Attack} 55. Qf1 b2 56. Bb1 Qf4+ {Black mates.} 57. g3 Nf3+ 58. Kg2 Qc1 {Accuracy: White = 31%, Black = 70%.} 0-1

[Event "3rd Sharjah Masters 2019"]
[Site "Sharjah"]
[Date "2019.03.26"]
[Round "5.30"]
[White "Nasanjargal, Urtnasan"]
[Black "Sukandar, Irine Kharisma"]
[Result "0-1"]
[WhiteElo "2503"]
[BlackElo "2381"]
[Annotator "TA"]
[PlyCount "110"]
[EventDate "2019.03.22"]
[EventType "swiss"]
[EventCountry "UAE"]
[SourceTitle "playchess.com"]
[Source "ChessBase"]
[SourceQuality "1"]

{[%evp 12,110,25,11,28,-31,2,0,0,4,23,14,14,0,1,0,40,20,23,16,31,0,0,14,15,25,54,53,72,66,66,69,105,108,117,123,140,87,87,80,78,74,86,76,112,118,122,120,114,109,139,149,184,160,170,181,185,184,184,184,182,182,182,182,182,174,158,95,105,0,0,0,0,0,0,-380,-366,-723,-722,-700,-686,-971,-963,-899,-887,-883,-872,-966,-987,-941,-918,-1129,-1127,-1348,-1376,-1212,-1177,-875,-1150,-861,-856]} 1. Nf3 Nf6 2. c4 e6 3. g3 d5 4. d4 Be7 5. Bg2 O-O 6. O-O dxc4 7. Qc2 b6 {E05: Open Catalan: 5 Nf3 Be7} (7... a6 8. a4 Bd7 9. Qxc4 Bc6 10. Bf4 Bd6 11. Qc1 Bd5 12. Nc3 Nc6 13. Rd1 Nb4 14. Bg5 Be7 15. Nxd5 exd5 16. a5 Nc6 17. Ne5 Na7 18. Nd3 Nb5 19. Ra4 c6 20. Qc2 Re8 21. Bc1 Rc8 {½-½ (21) Fedoseev,V (2714)-Aronian,L (2765) Germany 2019}) 8. Na3 (8. Bg5 $11) 8... Bb7 (8... Bxa3 $5 9. bxa3 Bb7 $11) 9. Nxc4 Be4 {The position is equal.} 10. Qa4 Qd7 $146 ({Predecessor:} 10... Nbd7 11. Bg5 h6 12. Bxf6 Nxf6 13. Nce5 Qd5 14. Rac1 Bd6 15. Nc6 {0-1 (77) Barseghyan,H (2466)-Kravtsiv,M (2654) Cap d'Agde 2018}) 11. Qb3 Qd5 12. Bf4 Nc6 13. Rfd1 Nb4 {And now ...Bc2 would win.} 14. Rac1 b5 15. Ncd2 Qxb3 16. axb3 Bc2 17. Rf1 Nfd5 18. Bxc7 Rac8 19. Ba5 Nc6 20. Rxc2 Nxa5 21. Rfc1 Rxc2 22. Rxc2 Bb4 23. e3 h6 24. Bf1 (24. Kf1 $142) 24... a6 $16 25. Be2 Rd8 26. Bd1 g5 27. Ne5 Bd6 {[#] ...Bxe5 is the strong threat.} 28. Nd3 $1 Nb4 29. Nxb4 Bxb4 30. Nf3 Bd6 31. Rc1 f6 32. Kf1 Ra8 33. Ne1 Kf7 34. Nd3 Ke7 35. b4 Nc4 36. b3 Nb6 37. Bf3 Ra7 38. Rc6 Nd7 39. Nc5 (39. Rc8 $142) 39... a5 40. bxa5 (40. Be2 $16) 40... Bxc5 $1 $11 41. dxc5 $16 {[%mdl 4096] Endgame Hoping for a6. KRB-KRN} Ne5 {[%mdl 64] Double Attack} 42. Rb6 Nxf3 $11 {KRN-KR} 43. c6 $2 {[%mdl 8192]} (43. Rxb5 $11 Kd7 44. b4) 43... Rxa5 $19 44. g4 $2 (44. c7 Kd7 45. h4) 44... Nxh2+ {Black is clearly winning.} 45. Kg2 Nxg4 46. b4 Ra2 47. Rxb5 Nxe3+ 48. Kf3 Nd5 49. Rb7+ Kd6 50. b5 Ra3+ 51. Kg2 Rb3 52. Rd7+ Ke5 53. Rb7 h5 54. c7 {[#]} Nxc7 $1 {[%mdl 64] Deflection} 55. Rxc7 Rxb5 {Accuracy: White = 57%, Black = 52%.} 0-1

[Event "3rd Sharjah Masters 2019"]
[Site "Sharjah"]
[Date "2019.03.26"]
[Round "5.31"]
[White "Harsha, Bharathakoti"]
[Black "Omar, Noaman"]
[Result "1-0"]
[WhiteElo "2497"]
[BlackElo "2356"]
[Annotator "RC"]
[PlyCount "83"]
[EventDate "2019.03.22"]
[EventType "swiss"]
[EventCountry "UAE"]
[SourceTitle "playchess.com"]
[Source "ChessBase"]
[SourceQuality "1"]
[TimeControl "5400+30"]

1. c4 {[%emt 0:00:00]} e6 {[%emt 0:00:00]} 2. Nf3 {[%emt 0:00:06]} d5 {[%emt 0:00:00]} 3. e3 {[%emt 0:01:09]} Nf6 {[%emt 0:00:29]} 4. Nc3 {[%emt 0:00:03]} a6 {[%emt 0:01:30]} 5. b3 {[%emt 0:01:20]} b6 {[%emt 0:01:04]} 6. Bb2 {[%emt 0:03:40]} Bb7 {[%emt 0:00:34]} 7. g3 {[%emt 0:00:13]} Nbd7 {[%emt 0:01:44]} 8. cxd5 {[%emt 0:00:38]} exd5 {[%emt 0:02:13]} 9. Bg2 {[%emt 0:00:25]} Bd6 {[%emt 0:01:39]} 10. O-O {[%emt 0:00:29]} O-O {[%emt 0:00:08]} 11. Nh4 {[%emt 0:11:42]} g6 {[%emt 0:04:48]} 12. Re1 {[%emt 0:03:34]} Re8 {[%emt 0:01:14]} 13. Rc1 {[%emt 0:00:45]} Ne4 {[%emt 0:06:36]} 14. d3 {[%emt 0:04:58]} Nxc3 {[%emt 0:01:06]} 15. Bxc3 {[%emt 0:00:13]} Be5 {[%emt 0:00:58]} 16. Bxe5 {[%emt 0:03:56]} Nxe5 {[%emt 0:02:34]} 17. d4 {[%emt 0:00:05]} Nd7 {[%emt 0:00:27]} 18. Re2 {[%emt 0:02:52]} a5 {[%emt 0:03:21]} 19. Nf3 {[%emt 0:09:25]} c6 {[%emt 0:08:59]} 20. Ne1 {[%emt 0:02:34]} Qe7 {[%emt 0:03:50]} 21. Nd3 {[%emt 0:03:21]} Qd6 {[%emt 0:00:42]} 22. Rec2 {[%emt 0:02:22]} Re7 {[%emt 0:00:25]} 23. Rc3 {[%emt 0:08:59]} Kg7 {[%emt 0:04:29]} 24. Qc2 {[%emt 0:02:36]} Rae8 {[%emt 0:01:28]} 25. Qb2 {[%emt 0:00:20]} b5 {[%emt 0:05:45]} 26. Nc5 {[%emt 0:02:53]} Bc8 {[%emt 0:00:46]} 27. Qd2 {[%emt 0:04:06]} h5 {[%emt 0:01:26]} 28. R3c2 {[%emt 0:01:03]} h4 {[%emt 0:02:54]} 29. Nd3 {[%emt 0:14:57]} Nb8 {[%emt 0:07:25]} 30. Ne5 {[%emt 0:00:03]} Bf5 {[%emt 0:02:44]} 31. Rc5 {[%emt 0:01:30]} h3 {[%emt 0:00:54]} 32. Bf1 {[%emt 0:05:21]} Rxe5 {[%emt 0:04:06]} 33. dxe5 {[%emt 0:00:05]} Rxe5 {[%emt 0:01:05]} 34. Qxa5 {[%emt 0:00:25]} g5 {[%emt 0:04:08]} 35. Qc3 {[%emt 0:03:27]} f6 {[%emt 0:00:14]} 36. a4 {[%emt 0:00:29]} bxa4 {[%emt 0:01:45]} 37. bxa4 {[%emt 0:00:03]} Re7 {[%emt 0:00:55]} 38. a5 {[%emt 0:01:13]} Qe6 {[%emt 0:00:31]} 39. Qb2 {[%emt 0:01:32]} Be4 {[%emt 0:02:26]} 40. Be2 {[%emt 0:01:25]} Nd7 {[%emt 0:06:41]} 41. Rxc6 {[%emt 0:00:19]} Qf5 {[%emt 0:00:26]} 42. g4 {[%emt 0:00:25]} 1-0

[Event "3rd Sharjah Masters 2019"]
[Site "Sharjah"]
[Date "2019.03.26"]
[Round "5.32"]
[White "Karthik, Venkataraman"]
[Black "Bharath Subramaniyam H"]
[Result "1/2-1/2"]
[WhiteElo "2494"]
[BlackElo "2301"]
[Annotator "TA"]
[PlyCount "103"]
[EventDate "2019.03.22"]
[EventType "swiss"]
[EventCountry "UAE"]
[SourceTitle "playchess.com"]
[Source "ChessBase"]
[SourceQuality "1"]

{[%evp 17,103,47,79,-12,-12,-14,-14,-19,-14,-38,6,-38,-29,-22,0,-10,-10,-47,-42,-48,-53,-47,-52,-53,-22,-95,-93,-117,-119,-154,-18,-18,-22,-23,-18,-23,0,0,0,0,0,0,0,0,0,0,0,0,0,0,0,0,0,0,0,0,0,0,0,0,0,0,0,0,0,0,0,0,0,0,0,0,0,0,0,-8,-8,-8,-8,-8,0,-8,0,0,0,0,0,0]} 1. c4 Nf6 2. g3 c5 3. Bg2 Nc6 4. Nc3 g6 5. Nf3 Bg7 6. d4 cxd4 7. Nxd4 O-O 8. O-O a6 9. c5 Qc7 10. Bf4 {A39: Symmetrical English vs ...g6: 4 Bg2 Bg7 5 Nf3 Nf6 6 0-0 0-0 7 d4} (10. Qa4 $16) (10. Bg5 Qe5 11. Nxc6 dxc6 12. Bxf6 Bxf6 13. Na4 Bg4 14. Re1 Rad8 15. Qb3 Bc8 16. e3 Rd2 17. Rad1 Rfd8 18. Rxd2 Rxd2 {0-1 (63) Ribli,Z (2526)-Ljubojevic,L (2571) Platja d'Aro 2017}) 10... e5 $11 {[%mdl 64] [#] Double Attack} 11. Nxc6 dxc6 12. Bg5 Be6 13. Qc1 $146 ({Predecessor:} 13. h3 h6 14. Be3 Rfd8 15. Qa4 Nd5 16. Bd2 Nxc3 17. Bxc3 Qe7 {0-1 (57) Ridge,M (1921)-Miah,Z (1667) England 2016}) 13... Qa5 14. Bxf6 (14. b4 $5 Qxb4 15. Bxf6 Bxf6 16. Ne4 $11) 14... Bxf6 15. Ne4 Bg7 16. Nd6 Qc7 17. e4 Rfd8 18. f4 exf4 19. gxf4 {Threatens to win with f5.} Bd4+ 20. Kh1 {[#] Strongly threatening f5.} Bxc5 $1 {[%mdl 512]} 21. Nxb7 (21. Nxf7 $1 $11 {remains equal.} Bxf7 22. Qxc5) (21. Qxc5 Qxd6) 21... Qxb7 $17 22. Qxc5 Qxb2 23. f5 gxf5 (23... Bxa2 $17 {And now ...Rd2 would win.} 24. e5 Qb5 25. Qxb5 axb5 26. Bxc6 Bc4 27. Bxa8 Bxf1 28. fxg6 fxg6) 24. exf5 $11 Bd5 25. Bxd5 cxd5 26. Qe7 Kh8 27. Rab1 {The position is equal.} Qd4 28. Rb4 Rd7 29. Rxd4 {White threatens Qf6+ and mate.} Rxe7 30. Rxd5 {[%mdl 4096] Endgame KRR-KRR} f6 31. Rd6 Kg7 32. Rg1+ Kf7 33. Rb1 Rc8 34. Rxa6 Rc5 35. Rf1 Rc2 36. a4 h5 37. Rb1 Rf2 38. Ra5 Kg7 39. Rg1+ Kf7 40. Rc1 Kg7 41. Ra8 Ree2 42. Rc7+ Kh6 {[%cal Rf2f1]} 43. Rg8 {[%csl Gf5][%cal Rg8g6]} Re1+ (43... Rxf5 {with more complications.} 44. Rh8+ Kg5 45. Rg8+ Kf4 46. Rc4+ Re4) 44. Rg1 Rxg1+ 45. Kxg1 {KR-KR} Ra2 46. Ra7 Kg5 47. a5 Kxf5 48. a6 Kf4 49. Kf1 Kf3 {[%cal Ra2a1]} 50. Ke1 Rxh2 51. Rf7 Ra2 52. Rxf6+ {Accuracy: White = 64%, Black = 67%.} 1/2-1/2